Papá sol tem muitas cores (Registo nº 2922)

Detalhes MARC
000 -Etiqueta do registo
Cabeçalho 00762nam a22002651 4500
005 - Identificador da versão
Campo de controlo 20240813121948.0
095 ## -
-- PTBN00927200
100 ## - Dados gerais de processamento
Dados gerais de processamento 19900906d198 c y0pory5003 ba
102 ## - Pais de publicação ou produção
País de publicação Portugal
101 0# - Língua de publicação
Língua do texto, banda sonora, etc. Português
106 ## - Campo de dados codificados: material textual
Dados codificados do material textual r
105 ## - Campo de dados codificados: livros
Dados codificados dos livros a z 000fy
215 ## - Descrição física 
Indicação específica da natureza do documento e extensão da espécie [31] p.
Outras indicações físicas muito il.
Dimensões 21 cm
200 1# - Titulo e menção de responsabilidade
Título próprio Papá sol tem muitas cores
Primeira menção de responsabilidade Maria Helena Araújo
Outras menções de responsabilidade il. Gonçalo Nuno Araújo
225 2# - Colecção 
Título próprio da colecção Pedagogia verde
210 ## - Publicação, Distribuição, etc. 
Lugar da edição, distribuição, etc. Lisboa
Nome do editor, distribuidor, etc. Nave
Data da publicação, distribuição, etc. [198-]
606 ## - Nome comum usado como assunto
Número de registo de entrada de autoridade 0000029
Palavra de ordem Literatura portuguesa infantil
Subdivisão de assunto Conto
675 ## - Classificação Decimal Universal (CDU)
Notação 821.134.3-34
Edição
Língua da edição por
702 #1 - Nome de autor-pessoa física (responsabilidade secundária)
Número de registo de entrada de autoridade 0000064
Palavra de ordem Araújo
Outra parte do nome não tomada para palavra de ordem Gonçalo Nuno
Código de função Ilustrador / Técnico de desenho computorizado
700 #1 - Nome de autor-pessoa física (responsabilidade principal)
Número de registo de entrada de autoridade 0000063
Palavra de ordem Araújo
Outra parte do nome não tomada para palavra de ordem Maria Helena
942 ## - Elementos de entrada adicionados (Koha)
Tipo de item no Koha Livro
Exemplares
Situação do levantamento Origin of item (home branch) (coded) Biblioteca de empréstimo Código de barras Cota Circulation type (not for loan) Tipo de documento Nota do exemplar Damaged status
  Biblioteca Escolar da Coca Maravilhas Biblioteca Escolar da Coca Maravilhas BECM854/90 8POR ARA   Livro Sem mensagem